000 00321 a2200157 4500
001 186165
020 _a84-294-4957-4
040 _cMagnum
100 _aNewsome, Julia
240 1 0 _aSaturday storm
_lING
245 1 0 _aSaturday storm
300 _a63
362 0 _a1997
697 _aLITERATURA INGLESA
942 _cBK
999 _c186165
_d186165